000 01807cam a22003371i 4500
003 SA-RiAUC
005 20250102101705.0
008 241028s2007 ts g 000 0 ara c
040 _aEG-CaDAJ
_bara
_cSA-RiAUC
_erda
082 0 4 _a251
090 _a251
_b ع ب د ع
100 1 _aعبد العزيز، عمر محمد سيد،
_d1964-
_eمؤلف.
245 1 0 _aأصول الفقه عند ابن دقيق العيد من خلال كتابيه إحكام الأحكام شرح عمدة الأحكام وشرح الإلمام /
_cعمر محمد سيد عبد العزيز.
250 _aالطبعة الأولى.
264 1 _aالقاهرة :
_bدار السلام،
_c2010
300 _a334 صفحة؛
_c24 سم
336 _aنص
_btxt
_2rdacontent
_3كتاب
337 _aبدون وسيط
_bn
_2rdamedia
338 _aمجلد
_bnc
_2rdacarrier
650 7 _aأصول الفقه الإسلامي
_2aucsh
700 1 2 _aابن دقيق العيد، محمد بن علي بن وهب،
_d625-702 هجري
700 1 2 _aالجماعيلي، عبد الغني بن عبد الواحد بن علي،
_d541-600 هجري
700 1 2 _aابن دقيق العيد، محمد بن علي بن وهب،
_d625-702 هجري.
_tإحكام الأحكام في شرح عمدة الأحكام.
700 1 2 _aابن دقيق العيد، محمد بن علي بن وهب،
_d625-702 هجري.
_tإحكام الأحكام في شرح عمدة الأحكام.
740 0 2 _aإحكام الأحكام في شرح عمدة الأحكام.
740 0 2 _aعمدة الأحكام من كلام خير الأنام.
740 0 2 _aشرح الإلمام بأحاديث الأحكام.
740 2 2 _aالإلمام بأحاديث الأحكام.
942 _2ddc
_cBOOK
_n0
949 _aSA-JeALM
_d241028
_umohamedma123
_n1
999 _c4369
_d4369